| 000 | 00421nam a2200193Ia 4500 | ||
|---|---|---|---|
| 003 | 0100 | ||
| 008 | 130227s9999 xx 000 0 und d | ||
| 040 | _cARRUPELIB | ||
| 050 | _aB528.S27 | ||
| 100 | _aSandbach, F.H. | ||
| 245 | 4 | _aThe stoics | |
| 260 | _aNew York | ||
| 260 | _bW.W. Norton | ||
| 260 | _C1975 | ||
| 300 | _a190p. | ||
| 300 | _b 23 cm | ||
| 440 | _aAncient culture and society | ||
| 942 |
_2lcc _01 |
||
| 999 |
_c5434 _d5434 |
||